000 00768nam a2200229Ia 4500
003 GCL
005 20240530095319.0
008 140319s9999 xx 000 0 ara d
020 _a5656015977
040 _aGCL /
_cGCL
082 0 4 _a811.054
_bق/س أ
100 1 _aسناء الجبالى
245 1 0 _aالاسكندرية - الشعر والشعراء /
_cسناء الجبالى
260 _aالقاهرة :
_bمكتبة بستان المعرفة ،
_c2003
300 _a260 ص ؛
_c24 سم
650 0 4 _aالشعر العربى
650 0 4 _aالشعر العربى - تاريخ ونقد
650 0 4 _aالاسكندرية
650 0 4 _aالشعر العربى - مصر
650 0 4 _aالشعر الوصفى - الاسكندرية
942 _2ddc
_cBK
999 _c6062
_d6062